| 000 | 01012nam a2200265Ia 4500 | ||
|---|---|---|---|
| 003 | GCL | ||
| 008 | 140319s9999 xx 000 0 ara d | ||
| 020 | _a4266305977 | ||
| 040 |
_aGCL / _cGCL |
||
| 082 | 0 | 4 |
_a791.43 _bن ر |
| 100 | 1 | _aمحمد كامل القليوبى | |
| 245 | 1 | 0 |
_aرمسيس مرزوق ساحر الضوء / _cمحمد كامل القليوبى |
| 700 | 1 | _aناجى فوزى | |
| 250 | _aالاولى | ||
| 260 |
_aالقاهرة : _bالمجلس الاعلى للاثار ، _c2002 |
||
| 260 |
_aالقاهرة : _bوزارة الثقافة - صندوق التنمية الثقافية ، _c2002 |
||
| 300 |
_a391ص ؛ _c21سم |
||
| 490 |
_aصندوق التنمية الثقافية , وزارة الثقافة _v0 |
||
| 650 | 0 | 4 | _aالتصوير السينمائى |
| 650 | 0 | 4 | _aالسينمائيون المصريون |
| 650 | 0 | 4 | _aالسينمائيون |
| 650 | 0 | 4 | _aالتصوير السينمائى - اضاءة |
| 650 | 0 | 4 | _aرمسيس مرزوق |
| 942 |
_2ddc _cBK |
||
| 999 |
_c7815 _d7815 |
||